ECG made easy (Record no. 17217)

MARC details
000 -LEADER
fixed length control field 00504nam a22001697a 4500
008 - FIXED-LENGTH DATA ELEMENTS--GENERAL INFORMATION
fixed length control field 180925b xxu||||| |||| 00| 0 eng d
020 ## - INTERNATIONAL STANDARD BOOK NUMBER
International Standard Book Number 818061946X
040 ## - CATALOGING SOURCE
Original cataloging agency KABU
Transcribing agency KABU
050 ## - LIBRARY OF CONGRESS CALL NUMBER
Classification number RC683.5
Item number .E5L88 2008 c. 1
100 ## - MAIN ENTRY--PERSONAL NAME
Personal name Luthra, Atul
245 ## - TITLE STATEMENT
Title ECG made easy
Statement of responsibility, etc. Atul Luthra
250 ## - EDITION STATEMENT
Edition statement 3rd ed.
260 ## - PUBLICATION, DISTRIBUTION, ETC. (IMPRINT)
Place of publication, distribution, etc. New Delhi
Name of publisher, distributor, etc. Jaypee Brothers
Date of publication, distribution, etc. 2008
300 ## - PHYSICAL DESCRIPTION
Extent 206 p.
Accompanying material Accompanied by CD-ROM
650 ## - SUBJECT ADDED ENTRY--TOPICAL TERM
Topical term or geographic name as entry element Electrocardiography
Form subdivision Handbooks, manuals, etc.
942 ## - ADDED ENTRY ELEMENTS (KOHA)
Source of classification or shelving scheme Library of Congress Classification
Koha item type General Collection
Edition 3rd
Classification part RC683.5
Holdings
Withdrawn status Lost status Source of classification or shelving scheme Not for loan Home library Current library Shelving location Date acquired Cost, normal purchase price Total Checkouts Total Renewals Full call number Barcode Date last seen Date last checked out Copy number Price effective from Koha item type
    Library of Congress Classification   Kabarak, Main Campus Kabarak, Main Campus General Stacks 25/09/2018 812.00 9 1 RC683.5 .E5L88 2008 c. 1 022144 26/02/2026 18/02/2026 c. 1 25/09/2018 General Collection
    Library of Congress Classification   Kabarak, Main Campus Kabarak, Main Campus General Stacks 25/09/2018 812.00 12 1 RC683.5 .E5L88 2008 c. 2 022145 14/02/2025 23/01/2025 c. 2 25/09/2018 General Collection
Designed with assistance from East African Informatics Ltd